| 000 | 00000nam 2200000za 4500 |
| 001 | 9.837954 |
| 003 | CaOODSP |
| 005 | 20221107151249 |
| 007 | cr ||||||||||| |
| 008 | 170608s1985 onc |o f|0| 0 eng d |
| 040 | |aCaOODSP|beng |
| 043 | |an-cn--- |
| 086 | 1 |aCS11-614/85-50E-PDF |
| 100 | 1 |aHuot, Guy. |
| 245 | 10|aAdditive versus multiplicative seasonal adjustment when there are fast changes in the trend-cycle |h[electronic resource] / |cby Guy Huot ; Nazira Gait. |
| 260 | |a[Ottawa] : |bStatistics Canada, |c[1985]. |
| 300 | |a[16] p. : |bfigures. |
| 490 | 1 |aWorking paper ; |v85-50 |
| 500 | |aDigitized edition from print [produced by Statistics Canada]. |
| 500 | |a"Working Paper TSRA-85-050." |
| 504 | |aIncludes bibliographic references. |
| 520 | |a"This article analyses some aspects of the interplay between a severe recession and seasonal adjustment. In just one year, that is in 1981, this recession has nearly doubled the level of beneficiaries. Such a sudden large change prompts questions about the structure of the series, the choice of the X-11-ARIMA decomposition model, the determination of turning points at the end of the series, and the use of ARIMA forecasts for seasonal adjustment"--Introduction, p. [1]. |
| 692 | 07|2gccst|aMethodology |
| 692 | 07|2gccst|aStatistical analysis |
| 700 | 1 |aGait, Nazira. |
| 710 | 1 |aCanada. |bStatistics Canada. |bMethodology Branch. |
| 830 | #0|aWorking paper (Statistics Canada. Methodology Branch)|v85-50|w(CaOODSP)9.834763 |
| 856 | 40|qPDF|s1.09 MB|uhttps://publications.gc.ca/collections/collection_2017/statcan/11-613/CS11-614-85-50-eng.pdf |
| 986 | |a11-614E |